000 00742nam a22002657a 4500
001 0015114
003 KOHA_MİRAKIL
005 20260207002017.0
007 ta
008 100315b1985 tu |||gr||||#||||0|tur |
040 _aTR-BiSEU
_btur
_cTR-BiSEU
_erda
041 0 _atur
044 _ctu
050 _aTK7880
_b.T89 1985
100 1 _aTüzünalp, Öder.
245 1 _aElektronik uygulamaları/
_cÖder Tüzünalp ; Önder Tüzünalp.
264 1 _aAnkara :
_bHacettepe-Taş
_c1985
300 _a xiii, 386 sayfa; 24 cm.
336 _ametin
_btxt
_2rdacontent
337 _aaracısız
_bn
_2rdamedia
338 _acilt
_bnc
_2rdacarrier
500 _aKaynakça ve dizin var.
650 0 _aElektronik.
_91654
942 _2lcc
_cBK
999 _c15077
_d15077